000 00356nam a22000977a 4500
008 150730b xxu||||| |||| 00| 0 eng d
010 _8HCCRSARF:040
245 _aHIGH COURT CRIMINAL SESSION NO.342 OF 1991 Uganda Vs 1. John Baptist Kalenzi 2. Ibrahim Ahabyona 3. Wilson Kajungu
260 _aHigh Court Kampala
500 _3BEFORE: Hon. Mr. Justice J.P.M. Tabaro
999 _c8341
_d8341